| 000 | 00690nam a2200241Ia 4500 | ||
|---|---|---|---|
| 003 | OSt | ||
| 005 | 20220918213438.0 | ||
| 006 | a|||||r|||| 00| 0 | ||
| 007 | ta | ||
| 008 | 220917b |||||||| |||| 00| 0 eng d | ||
| 024 | _a132,759 | ||
| 037 | _cTextual | ||
| 040 |
_aARTS _cARTS _beng |
||
| 041 |
_2eng _aeng |
||
| 082 | _aX:80bD65,8(B), L1 (RR) | ||
| 100 |
_aHarold Frederick G _9127017 |
||
| 245 | 0 | _aHandbook for orienting the manager to the computer | |
| 260 |
_aPrinceton _bAuerbach _c1971 |
||
| 300 |
_aviii,247p. illus _ccm. |
||
| 650 | _aECONOMICS | ||
| 942 |
_hX:80bD65,8(B), L1 (RR) _cTEXL _2CC |
||
| 999 |
_c255869 _d255869 |
||